000 01265nam a2200253Ia 4500
999 _c36909
_d36909
001 2860
003 GE_BSU
005 20190611155930.0
008 181216s2012||||ge |||||||||||||| ||geo||
020 _a978-9941-19-640-9
040 _cGE_BSU
041 _ageo
080 _a27-9+27-242+27-246 გ–59
100 _aგოგებაშვილი, იაკობ
_92095
245 _aსაღმრთო ისტორია : კოლექცია ბავშვებისათვის : [24 წიგნად] /
_bწ. 18 /
_cიაკობ გოგებაშვილი ; ტექსტის რედ. მუშაობდნენ: ზურაბ სარჯველაძე, თამაზ ტონია, თამაზ ჩუბინიძე
264 _aთბილისი
_bპალიტრა L,
_c2012
300 _a47 გვ. ;
_b20 სმ.
653 _aისტორია
653 _aრელიგია
700 _aსარჯველაძე, ზურაბ
_eრედაქტორი
_92405
700 _aტონია, თამაზ
_eრედაქტორი
_92406
700 _aჩუბინიძე, თამაზ
_eრედაქტორი
_92098
942 _cBK
_2udc